000 00711nam a2200205Ii 4500
001 8205
003 CO-ViMGA
008 241108s9999||||xx |||||||||||||| ||und||
040 _aCO-ViMGA
_bspa
_erda
_cCO-ViMGA
041 0 _aspa
082 0 4 _a343.0746 C755
110 1 _aConsejo Regional de Planificación Economica y Social,
_952793
245 1 0 _aOrinoquia hacia el siglo XXI :
_bDocumentos de trabajo del plan de desarrollo regional
264 1 _aBogotá, Colombia : Presencia, [Fecha de publicación no identificada]
300 _avolumen
336 _atext
_btxt
_2rdacontent
337 _aunmediated
_bn
_2rdamedia
338 _avolume
_bnc
_2rdacarrier
940 _aidficha_siabuc: 8021. -- ficha_no_siabuc:8205
999 _c47699
_d47699